Natural Park of Garraf
Descripción Física:
1 f. plegat en 6 parts : il. col. ; 22 cm pleg., 44 x 33 cm despleg.
Materias:
Parc del Garraf (Catalunya) -- Guies
MARC
| LEADER | 00000nam a2200000Ia 4500 | ||
|---|---|---|---|
| 001 | 21595 | ||
| 008 | 160829s1995 xx 000 0 cat d | ||
| 080 | |a FU-40-106 | ||
| 110 | |a Parc del Garraf (Catalunya) |9 9859 | ||
| 245 | |a Natural Park of Garraf | ||
| 250 | |a English ed. | ||
| 260 | |a Barcelona : |b Diputació de Barcelona. Servei de Parcs Naturals, |c 1995 | ||
| 300 | |a 1 f. plegat en 6 parts : |b il. col. ; |c 22 cm pleg., 44 x 33 cm despleg. | ||
| 590 | |a Inclou un mapa de la zona | ||
| 610 | 1 | 0 | |a Parc del Garraf (Catalunya) |v Guies |9 52677 |
| 710 | |a Barcelona (Catalunya : Província). |b Servei de Parcs Naturals |9 53492 | ||
| 901 | |a Arxiu | ||
| 942 | |n 1 | ||
| 952 | |0 0 |1 0 |4 0 |6 FU40106 |7 1 |9 50834 |a Arxiu |b Arxiu |d 2016-12-01 |l 0 |o FU-40-106 |p 21595 |r 2016-12-01 00:00:00 |w 2016-12-01 |y ARXIU | ||
| 999 | |c 54676 |d 54676 | ||